Preface
Gespeichert in:
| Hauptverfasser: | , , , |
|---|---|
| Dokumenttyp: | Kapitel/Artikel Editorial |
| Sprache: | Englisch |
| Veröffentlicht: |
[2024]
|
| In: |
Participation in American culture and society
Year: 2024, Pages: 9-10 |
| Online-Zugang: |
|
| Verfasserangaben: | Philipp Löffler, Margit Peterfy, Natalie Rauscher and Welf Werner |
MARC
| LEADER | 00000caa a2200000 c 4500 | ||
|---|---|---|---|
| 001 | 1892092425 | ||
| 003 | DE-627 | ||
| 005 | 20241205143851.0 | ||
| 007 | tu | ||
| 008 | 240624s2024 xx ||||| 00| ||eng c | ||
| 035 | |a (DE-627)1892092425 | ||
| 035 | |a (DE-599)KXP1892092425 | ||
| 035 | |a (OCoLC)1475300301 | ||
| 040 | |a DE-627 |b ger |c DE-627 |e rda | ||
| 041 | |a eng | ||
| 084 | |a 16 |2 sdnb | ||
| 100 | 1 | |a Löffler, Philipp |d 1981- |e VerfasserIn |0 (DE-588)1080381503 |0 (DE-627)844412139 |0 (DE-576)182808122 |4 aut | |
| 245 | 1 | 0 | |a Preface |c Philipp Löffler, Margit Peterfy, Natalie Rauscher and Welf Werner |
| 264 | 1 | |c [2024] | |
| 300 | |a 2 | ||
| 336 | |a Text |b txt |2 rdacontent | ||
| 337 | |a ohne Hilfsmittel zu benutzen |b n |2 rdamedia | ||
| 338 | |a Band |b nc |2 rdacarrier | ||
| 700 | 1 | |a Peterfy, Margit |e VerfasserIn |0 (DE-588)1018666311 |0 (DE-627)690652062 |0 (DE-576)356193861 |4 aut | |
| 700 | 1 | |a Rauscher, Natalie |d 1989- |e VerfasserIn |0 (DE-588)1188492209 |0 (DE-627)1667477897 |4 aut | |
| 700 | 1 | |a Werner, Welf |e VerfasserIn |0 (DE-588)171261127 |0 (DE-627)061443840 |0 (DE-576)132067935 |4 aut | |
| 773 | 0 | 8 | |i Enthalten in |a Deutsche Gesellschaft für Amerikastudien (67. : 2021 : Heidelberg) |t Participation in American culture and society |d Heidelberg : Universitätsverlag Winter, 2024 |g (2024), Seite 9-10 |h 346 Seiten |w (DE-627)188280631X |z 9783825395841 |7 nnam |
| 773 | 1 | 8 | |g year:2024 |g pages:9-10 |g extent:2 |a Preface |
| 951 | |a AR | ||
| 992 | |a 20240624 | ||
| 993 | |a Editorial | ||
| 994 | |a 2024 | ||
| 998 | |g 171261127 |a Werner, Welf |m 171261127:Werner, Welf |d 700000 |d 713000 |e 700000PW171261127 |e 713000PW171261127 |k 0/700000/ |k 1/700000/713000/ |p 4 |y j | ||
| 998 | |g 1188492209 |a Rauscher, Natalie |m 1188492209:Rauscher, Natalie |d 700000 |d 713000 |e 700000PR1188492209 |e 713000PR1188492209 |k 0/700000/ |k 1/700000/713000/ |p 3 | ||
| 998 | |g 1018666311 |a Peterfy, Margit |m 1018666311:Peterfy, Margit |d 90000 |d 90200 |e 90000PP1018666311 |e 90200PP1018666311 |k 0/90000/ |k 1/90000/90200/ |p 2 | ||
| 998 | |g 1080381503 |a Löffler, Philipp |m 1080381503:Löffler, Philipp |d 90000 |d 90200 |d 700000 |d 713000 |e 90000PL1080381503 |e 90200PL1080381503 |e 700000PL1080381503 |e 713000PL1080381503 |k 0/90000/ |k 1/90000/90200/ |k 0/700000/ |k 1/700000/713000/ |p 1 |x j | ||
| 999 | |a KXP-PPN1892092425 |e 4541401991 | ||
| BIB | |a Y | ||
| JSO | |a {"id":{"eki":["1892092425"]},"person":[{"display":"Löffler, Philipp","family":"Löffler","given":"Philipp","role":"aut"},{"role":"aut","display":"Peterfy, Margit","family":"Peterfy","given":"Margit"},{"role":"aut","given":"Natalie","family":"Rauscher","display":"Rauscher, Natalie"},{"role":"aut","display":"Werner, Welf","given":"Welf","family":"Werner"}],"title":[{"title_sort":"Preface","title":"Preface"}],"type":{"bibl":"chapter"},"physDesc":[{"extent":"2 S."}],"origin":[{"dateIssuedKey":"2024","dateIssuedDisp":"[2024]"}],"relHost":[{"recId":"188280631X","name":{"displayForm":["Philipp Löffler, Margit Peterfy, Natalie Rauscher, Welf Werner"]},"language":["eng"],"relMultPart":[{"recId":"168390442","language":["eng"],"name":{"displayForm":["ed. on behalf of the German Association for American Studies"]},"pubHistory":["55.1983 -"],"id":{"zdb":["740217-X"],"eki":["168390442"],"issn":["0178-1987"]},"part":{"number_sort":["322"],"number":["volume 322"]},"title":[{"title_sort":"American studies","subtitle":"a monograph series","title":"American studies"}],"origin":[{"dateIssuedKey":"1983","publisherPlace":"Heidelberg ; München","dateIssuedDisp":"1983-","publisher":"Universitätsverlag Winter ; Fink"}],"disp":"American studies","corporate":[{"display":"Deutsche Gesellschaft für Amerikastudien","role":"isb"}],"dispAlt":"American studies","type":{"bibl":"serial"}}],"id":{"isbn":["9783825395841"],"eki":["188280631X"]},"person":[{"given":"Philipp","family":"Löffler","display":"Löffler, Philipp","role":"edt"},{"role":"edt","family":"Peterfy","given":"Margit","display":"Peterfy, Margit"},{"display":"Rauscher, Natalie","family":"Rauscher","given":"Natalie","role":"edt"},{"given":"Welf","family":"Werner","display":"Werner, Welf","role":"edt"}],"part":{"extent":"2","pages":"9-10","year":"2024","text":"(2024), Seite 9-10"},"title":[{"title":"Participation in American culture and society","title_sort":"Participation in American culture and society"}],"disp":"Deutsche Gesellschaft für Amerikastudien (67. : 2021 : Heidelberg)Participation in American culture and society","origin":[{"publisher":"Universitätsverlag Winter","dateIssuedDisp":"[2024]","publisherPlace":"Heidelberg","dateIssuedKey":"2024"}],"corporate":[{"display":"Deutsche Gesellschaft für Amerikastudien (67., 2021, Heidelberg)","role":"aut"},{"role":"pbl","display":"Carl-Winter-Universitätsverlag"}],"note":["\"This volume contains selected papers presented at the 67th annual conference of the German Association for American Studies (Deutsche Gesellschaft für Amerikastudien/DGfA), which was organized by the Heidelberg Center for American Studies (HCA) in June 2021 at Heidelberg University.\" - Vorwort"],"type":{"bibl":"book"},"physDesc":[{"extent":"346 Seiten","noteIll":"Illustrationen, Diagramme"}]}],"recId":"1892092425","name":{"displayForm":["Philipp Löffler, Margit Peterfy, Natalie Rauscher and Welf Werner"]},"language":["eng"]} | ||
| SRT | |a LOEFFLERPHPREFACE2024 | ||